[Event "POL-chT 1st League"]
[Site "Ustron"]
[Date "2003.09.10"]
[Round "5"]
[White "Kwiatkowski, Maciej"]
[Black "Chachaj, Tomasz"]
[Result "1-0"]
[WhiteElo "2032"]
[BlackElo "2239"]
[PlyCount "49"]
[EventDate "2003.09.06"]
[EventType "team-tourn"]
[EventRounds "9"]
[EventCountry "POL"]
[SourceTitle "EXT 2005"]
[Source "ChessBase"]
[SourceDate "2004.11.15"]
[SourceVersion "1"]
[SourceVersionDate "2004.11.15"]
[SourceQuality "1"]
[WhiteTeam "Suwalki Hancza"]
[BlackTeam "Szopienice HetMaN"]
[WhiteTeamCountry "POL"]
[BlackTeamCountry "POL"]

1. e4 e5 2. f4 exf4 3. Nf3 h6 4. Bc4 d6 5. 0-0 Nc6 6. Nc3 Ne5 7. Bb3 Bg4 8. Nxe5 dxe5 9. Qxg4 Nf6 10. Qe2 c6 11. Qc4 Qd7 12. a4 g5 13. d3 Bg7 14. Bd2 h5 15. Qc5 Ng4 16. a5 Bf8 17. Qc4 Rh7 18. Ba4 Rc8 19. b4 b6 20. axb6 axb6 21. Kh1 Be7 22. b5 Nxh2 23. Kxh2 g4 24. Bxf4 exf4 25. Rxf4 1-0

[Event "POL-chT3"]
[Site "Poland"]
[Date "2002.??.??"]
[Round "?"]
[White "Banasik, Henryk"]
[Black "Chachaj, Tomasz"]
[Result "1-0"]
[WhiteElo "2147"]
[BlackElo "2251"]
[PlyCount "71"]
[EventDate "2002.??.??"]
[EventType "team"]
[EventRounds "9"]
[EventCountry "POL"]
[SourceTitle "EXT 2006"]
[Source "ChessBase"]
[SourceDate "2005.11.24"]
[SourceVersion "1"]
[SourceVersionDate "2005.11.24"]
[SourceQuality "1"]

1. e4 e5 2. Nf3 Nc6 3. Bb5 Nge7 4. 0-0 d6 5. d4 Bd7 6. Nc3 Ng6 7. Nd5 a6 8. Be2 Be7 9. c3 0-0 10. b4 Kh8 11. a4 f5 12. exf5 Bxf5 13. Nxe7 Qxe7 14. d5 Nb8 15. Bg5 Qf7 16. Nh4 Nxh4 17. Bxh4 Be4 18. c4 a5 19. f3 Bg6 20. bxa5 Nd7 21. Bd3 Nc5 22. Bxg6 Qxg6 23. Qb1 Rf4 24. Bf2 Rxc4 25. Qb5 Rc2 26. Rab1 Rf8 27. Rfc1 Rxf2 28. Kxf2 Nd3+ 29. Kg1 Nxc1 30. Rxc1 Rxf3 31. Qxb7 h5 32. a6 Qg5 33. Qxc7 Qe3+ 34. Kh1 Rf7 35. Qb8+ Kh7 36. Qb1+ 1-0

[Event "POL-chT3"]
[Site "Poland"]
[Date "2002.??.??"]
[Round "?"]
[White "Pakleza, Zbigniew"]
[Black "Chachaj, Tomasz"]
[Result "0-1"]
[WhiteElo "2282"]
[BlackElo "2251"]
[PlyCount "69"]
[EventDate "2002.??.??"]
[EventType "team"]
[EventRounds "9"]
[EventCountry "POL"]
[SourceTitle "EXT 2006"]
[Source "ChessBase"]
[SourceDate "2005.11.24"]
[SourceVersion "1"]
[SourceVersionDate "2005.11.24"]
[SourceQuality "1"]

1. d4 d5 2. c4 e6 3. Nc3 Nf6 4. Bg5 Bb4 5. e3 c5 6. dxc5 Nbd7 7. cxd5 Qa5 8. Bxf6 Nxf6 9. Qd3 Nxd5 10. Nge2 Bd7 11. 0-0-0 0-0-0 12. Nxd5 Ba4 13. b3 Rxd5 14. Nd4 Bb5 15. Qxb5 Rxc5+ 16. Kb1 Rxb5 17. Nxb5 a6 18. Nd4 Bc3 19. Nc2 Rd8 20. Be2 Bf6 21. Rxd8+ Kxd8 22. Rd1+ Ke7 23. Bf3 Qc3 24. Nd4 Bxd4 25. exd4 b5 26. d5 exd5 27. Rxd5 Qe1+ 28. Kb2 Qxf2+ 29. Ka3 Ke6 30. Kb4 Qxa2 31. Rd3 f5 32. Bb7 Qe2 33. Bc8+ Ke5 34. Rd7 Qe1+ 35. Ka3 0-1

[Event "POL-chT 2nd div South"]
[Site "Polanica Zdroj"]
[Date "1999.??.??"]
[Round "5"]
[White "Chachaj, Tomasz"]
[Black "Wesolowski, Tadeusz"]
[Result "1/2-1/2"]
[WhiteElo "2300"]
[BlackElo "2221"]
[PlyCount "20"]
[EventDate "1999.09.17"]
[EventType "team-swiss"]
[EventRounds "10"]
[EventCountry "POL"]
[SourceTitle "EXT 2001"]
[Source "ChessBase"]
[SourceDate "2000.11.22"]
[SourceVersion "1"]
[SourceVersionDate "2000.11.22"]
[SourceQuality "1"]
[WhiteTeam "POL-chT 2nd div South 27"]
[BlackTeam "POL-chT 2nd div South 26"]
[WhiteTeamCountry "POL"]
[BlackTeamCountry "POL"]

1. e4 e5 2. Nc3 Nf6 3. Nf3 Nc6 4. Bb5 d6 5. 0-0 Be7 6. d4 exd4 7. Nxd4 Bd7 8. Re1 0-0 9. Nxc6 Bxc6 10. Bxc6 bxc6 1/2-1/2

[Event "Rostock-A 15th"]
[Site "Rostock"]
[Date "1989.??.??"]
[Round "6"]
[White "Chachaj, Tomasz"]
[Black "Kovalev, Andrei"]
[Result "0-1"]
[WhiteElo "2330"]
[BlackElo "2505"]
[PlyCount "76"]
[EventDate "1989.08.19"]
[EventType "tourn"]
[EventRounds "9"]
[EventCountry "DDR"]
[EventCategory "6"]
[SourceTitle "EXT 2002"]
[Source "ChessBase"]
[SourceDate "2001.11.25"]
[SourceVersion "1"]
[SourceVersionDate "2001.11.25"]
[SourceQuality "1"]

1. d4 Nf6 2. Nf3 g6 3. Bg5 Bg7 4. Nbd2 c5 5. c3 d6 6. e3 0-0 7. Be2 b6 8. 0-0 Bb7 9. Qb1 Nbd7 10. a4 a6 11. Rd1 Rc8 12. b4 cxb4 13. cxb4 Nd5 14. Re1 h6 15. Bh4 Nc3 16. Qb2 g5 17. Bg3 Nxe2+ 18. Rxe2 Qc7 19. Ne1 Qc3 20. Qb1 Nf6 21. b5 axb5 22. axb5 Ra8 23. Ra2 Rxa2 24. Qxa2 Ra8 25. Qc4 Nd5 26. Nc2 Rc8 27. Qxc3 Nxc3 28. Re1 Nxb5 29. Nb4 Na3 30. Ra1 Nc2 31. Nxc2 Rxc2 32. Nf1 Bd5 33. f3 g4 34. Bf2 gxf3 35. gxf3 Bxf3 36. Rb1 Bf6 37. Ng3 e6 38. Kf1 h5 0-1

[Event "Rostock-A 15th"]
[Site "Rostock"]
[Date "1989.??.??"]
[Round "2"]
[White "Chachaj, Tomasz"]
[Black "Poldauf, Dirk"]
[Result "1/2-1/2"]
[WhiteElo "2330"]
[BlackElo "2375"]
[PlyCount "138"]
[EventDate "1989.08.19"]
[EventType "tourn"]
[EventRounds "9"]
[EventCountry "DDR"]
[EventCategory "6"]
[SourceTitle "EXT 2002"]
[Source "ChessBase"]
[SourceDate "2001.11.25"]
[SourceVersion "1"]
[SourceVersionDate "2001.11.25"]
[SourceQuality "1"]

1. g3 Nf6 2. Bg2 g6 3. e4 d6 4. d4 Bg7 5. Ne2 0-0 6. Nbc3 Nbd7 7. 0-0 c6 8. a4 a5 9. h3 e5 10. dxe5 dxe5 11. Be3 Qe7 12. Qd2 Re8 13. Rfd1 Bf8 14. Nc1 Nc5 15. Nd3 Nfd7 16. Nb1 Nxd3 17. Qxd3 Nc5 18. Qc3 Ne6 19. Nd2 Qb4 20. Qxb4 axb4 21. Nc4 Bc5 22. Bxc5 Nxc5 23. a5 f6 24. Nb6 Rb8 25. h4 Kf8 26. f3 Ke7 27. Kf2 Be6 28. Bf1 Rf8 29. Bc4 f5 30. Bxe6 Kxe6 31. exf5+ Rxf5 32. Re1 b3 33. Re3 Rd8 34. Ke2 Rd4 35. c3 Rd8 36. Nc4 Rd5 37. Nb6 Rd8 38. Na4 Nd7 39. Rd3 e4 40. Re3 Nf6 41. Nb6 Rxf3 42. Rxf3 exf3+ 43. Kxf3 Rd3+ 44. Kf4 Nh5+ 45. Ke4 Rxg3 46. Ra3 Rg4+ 47. Kd3 Rxh4 48. Rxb3 Rf4 49. Nc4 Rf7 50. a6 bxa6 51. Rb6 Rc7 52. Rxa6 g5 53. b4 Nf4+ 54. Ke4 Nd5 55. Kd4 g4 56. b5 g3 57. Ne3 Nxe3 58. Kxe3 h5 59. Kf3 h4 60. Kg2 Kd5 61. c4+ Kd6 62. Kh3 Rc8 63. Ra1 cxb5 64. cxb5 Rc4 65. Rb1 Kc7 66. b6+ Kb7 67. Rb2 Rf4 68. Rb1 Re4 69. Rb2 Rf4 1/2-1/2

[Event "Rostock-A 15th"]
[Site "Rostock"]
[Date "1989.??.??"]
[Round "4"]
[White "Chachaj, Tomasz"]
[Black "Womacka, Mathias"]
[Result "1-0"]
[WhiteElo "2330"]
[BlackElo "2395"]
[PlyCount "67"]
[EventDate "1989.08.19"]
[EventType "tourn"]
[EventRounds "9"]
[EventCountry "DDR"]
[EventCategory "6"]
[SourceTitle "EXT 2002"]
[Source "ChessBase"]
[SourceDate "2001.11.25"]
[SourceVersion "1"]
[SourceVersionDate "2001.11.25"]
[SourceQuality "1"]

1. e4 c5 2. Nf3 d6 3. c3 Nf6 4. Be2 Bg4 5. 0-0 e6 6. Re1 Nc6 7. d3 Be7 8. Nbd2 0-0 9. Nf1 Qc7 10. Bf4 Rad8 11. Ne3 Bh5 12. a3 Ne5 13. Bg3 Nxf3+ 14. Bxf3 Bxf3 15. Qxf3 Qc6 16. Bh4 Rfe8 17. Rad1 b5 18. Qh3 Rb8 19. Bxf6 Bxf6 20. Ng4 Be7 21. Re3 Rf8 22. f4 Rbe8 23. Rg3 Bd8 24. f5 exf5 25. exf5 f6 26. Qh5 c4 27. Rh3 Bb6+ 28. d4 Re4 29. Qxh7+ Kf7 30. Qh5+ Ke7 31. Nf2 Kd7 32. Nxe4 Qxe4 33. Rg3 Re8 34. Qf3 1-0